[Event "Watson Farley Williams International"]
[Site "London"]
[Date "1989.05.29"]
[Round "10"]
[White "Adams, Michael"]
[Black "Arkell, Keith C"]
[Result "1/2-1/2"]
[WhiteElo "2495"]
[BlackElo "2445"]
[PlyCount "89"]
[EventDate "1989.05.19"]
[EventType "tourn"]
[EventRounds "13"]
[EventCountry "ENG"]
[EventCategory "10"]
[SourceTitle "BritBase"]
[Source "John Saunders"]
[SourceDate "2025.08.03"]
[SourceVersion "1"]
[SourceVersionDate "2025.08.03"]
[SourceQuality "1"]

1. e4 c6 2. d4 d5 3. Nd2 dxe4 4. Nxe4 Nd7 5. Bc4 Ngf6 6. Ng5 e6 7. Qe2 Nb6 8. Bb3 h6 9. N5f3 a5 10. a4 c5 11. Bf4 Bd6 12. Ne5 cxd4 13. O-O-O Nbd5 14. Bg3 O-O 15. Rxd4 b6 16. Bc4 Bb7 17. Ngf3 Qc7 18. Bb5 Nh5 19. Kb1 Rac8 20. Rc4 Nxg3 21. hxg3 Qe7 22. Rch4 Rfd8 23. Ng4 Nf6 24. Nxh6+ gxh6 25. Rxh6 Be4 26. Bd3 Bxd3 27. cxd3 Kf8 28. Rh8+ Ng8 29. g4 Bf4 30. g3 Bg5 31. R8h7 Rd5 32. Ne5 Rxe5 33. Qxe5 Bf6 34. Qe2 Qb4 35. g5 Bxg5 36. Qh5 Qe7 37. Qg4 Qc5 38. Qe2 Bf6 39. f4 Ne7 40. g4 Nd5 41. g5 Bg7 42. Qh2 Nc3+ 43. bxc3 Qxc3 44. Ka2 Rc5 45. Rxg7 1/2-1/2

[Event "Watson Farley Williams International"]
[Site "London"]
[Date "1989.05.29"]
[Round "10"]
[White "Davies, Nigel Rodney"]
[Black "Hodgson, Julian M"]
[Result "1-0"]
[WhiteElo "2485"]
[BlackElo "2545"]
[PlyCount "107"]
[EventDate "1989.05.19"]
[EventType "tourn"]
[EventRounds "13"]
[EventCountry "ENG"]
[EventCategory "10"]
[SourceTitle "BritBase"]
[Source "John Saunders"]
[SourceDate "2025.08.03"]
[SourceVersion "1"]
[SourceVersionDate "2025.08.03"]
[SourceQuality "1"]

1. d4 d6 2. Nf3 Bg4 3. c4 Nd7 4. Nc3 e5 5. e3 Ngf6 6. Be2 c6 7. h3 Bh5 8. b3 e4 9. Nd2 Bg6 10. O-O d5 11. f4 exf3 12. Bxf3 Bb4 13. Bb2 O-O 14. a3 Bxc3 15. Bxc3 Re8 16. Qe2 Qe7 17. Rfe1 Qd6 18. Bb4 Qg3 19. Qf2 Qc7 20. cxd5 cxd5 21. Rac1 Qb6 22. Qg3 Rac8 23. Qd6 Qxd6 24. Bxd6 Bc2 25. Bd1 Bd3 26. Bf3 g6 27. Kf2 Ne4+ 28. Bxe4 dxe4 29. Nc4 Re6 30. Bb4 Nf6 31. Ne5 Ree8 32. Nc4 b6 33. Nd6 Rxc1 34. Rxc1 Re6 35. Rc8+ Kg7 36. Nc4 Re8 37. Rc7 Nd5 38. Rxa7 Re6 39. Bd6 Bxc4 40. bxc4 Rxd6 41. cxd5 Rxd5 42. a4 Rf5+ 43. Kg3 g5 44. Rb7 Ra5 45. Kg4 Rxa4 46. Kxg5 Ra2 47. Kf4 Rxg2 48. d5 Rh2 49. Rb8 b5 50. d6 Rd2 51. Ke5 f5 52. Rb7+ Kg6 53. d7 Kg5 54. Ke6 1-0

[Event "Watson Farley Williams International"]
[Site "London"]
[Date "1989.05.29"]
[Round "10"]
[White "Watson, William Nicholas"]
[Black "McNab, Colin Anderson"]
[Result "1-0"]
[WhiteElo "2505"]
[BlackElo "2435"]
[PlyCount "77"]
[EventDate "1989.05.19"]
[EventType "tourn"]
[EventRounds "13"]
[EventCountry "ENG"]
[EventCategory "10"]
[SourceTitle "BritBase"]
[Source "John Saunders"]
[SourceDate "2025.08.03"]
[SourceVersion "1"]
[SourceVersionDate "2025.08.03"]
[SourceQuality "1"]

1. e4 d6 2. d4 Nf6 3. Nc3 g6 4. f4 Bg7 5. Nf3 c5 6. Bb5+ Nc6 7. dxc5 Qa5 8. O-O O-O 9. Qe1 Ng4 10. a4 a6 11. Bd3 Qxc5+ 12. Kh1 Nd4 13. h3 Nxf3 14. Rxf3 Nf6 15. Be3 Qa5 16. Qg1 Nd7 17. Nd5 Qd8 18. Bd4 Bxd4 19. Qxd4 b6 20. Ne3 Bb7 21. Ng4 h5 22. Ne3 Qc7 23. Nd5 Bxd5 24. exd5 Qc5 25. Qe4 Nf6 26. Qe2 Qxd5 27. f5 Qe5 28. Qd2 Ne4 29. Qh6 gxf5 30. Qxh5 Ng3+ 31. Rxg3+ Qxg3 32. Bxf5 Kg7 33. Ra3 Qe1+ 34. Kh2 Rh8 35. Qg5+ Kf8 36. Re3 Qh4 37. Qxh4 Rxh4 38. g4 e6 39. Be4 {time} 1-0

[Event "Watson Farley Williams International"]
[Site "London"]
[Date "1989.05.29"]
[Round "10"]
[White "Wilder, Michael"]
[Black "Suba, Mihai"]
[Result "1/2-1/2"]
[WhiteElo "2540"]
[BlackElo "2515"]
[PlyCount "51"]
[EventDate "1989.05.19"]
[EventType "tourn"]
[EventRounds "13"]
[EventCountry "ENG"]
[EventCategory "10"]
[SourceTitle "BritBase"]
[Source "John Saunders"]
[SourceDate "2025.08.03"]
[SourceVersion "1"]
[SourceVersionDate "2025.08.03"]
[SourceQuality "1"]

1. d4 Nf6 2. c4 e6 3. Nf3 c5 4. d5 d6 5. Nc3 exd5 6. cxd5 g6 7. e4 Bg7 8. Nd2 O-O 9. Be2 Na6 10. O-O Nc7 11. a4 b6 12. Nc4 Ba6 13. Bf4 Nh5 14. Bxh5 Bxc4 15. Be2 Bxe2 16. Qxe2 f5 17. e5 dxe5 18. Bxe5 Nxd5 19. Rad1 Nxc3 20. Qc4+ Nd5 21. Rxd5 Qe8 22. Rd8+ Qf7 23. Rd7 Bxe5 24. Rxf7 Rxf7 25. Re1 Bf6 26. b4 1/2-1/2

[Event "Watson Farley Williams International"]
[Site "London"]
[Date "1989.05.30"]
[Round "11"]
[White "Hodgson, Julian M"]
[Black "Motwani, Paul"]
[Result "1-0"]
[WhiteElo "2545"]
[BlackElo "2490"]
[PlyCount "127"]
[EventDate "1989.05.19"]
[EventType "tourn"]
[EventRounds "13"]
[EventCountry "ENG"]
[EventCategory "10"]
[SourceTitle "BritBase"]
[Source "John Saunders"]
[SourceDate "2025.08.03"]
[SourceVersion "1"]
[SourceVersionDate "2025.08.03"]
[SourceQuality "1"]

1. c4 e5 2. g3 Nf6 3. Bg2 c6 4. Nc3 d5 5. cxd5 cxd5 6. Qb3 d4 7. Bxb7 Bxb7 8. Qxb7 Nbd7 9. Nb5 Rb8 10. Nc7+ Ke7 11. Qxa7 Qc8 12. Qa5 Rb7 13. Nd5+ Ke6 14. Nxf6 gxf6 15. Qa4 Rb4 16. Qd1 d3 17. a3 Rb6 18. b4 Bd6 19. exd3 Qa8 20. Nf3 Bxb4 21. O-O Bd6 22. d4 Qd5 23. Re1 h6 24. d3 Ke7 25. Be3 Ra6 26. a4 h5 27. Qe2 Raa8 28. dxe5 fxe5 29. d4 e4 30. Bg5+ f6 31. Qxe4+ Qxe4 32. Rxe4+ Kf7 33. Bf4 Be7 34. Nh4 Bb4 35. Nf5 Nb6 36. Rb1 Nd5 37. Bd6 Rxa4 38. Bxb4 Rxb4 39. Rxb4 Nxb4 40. Re7+ Kg6 41. Nh4+ Kh6 42. Rf7 Nd5 43. Rd7 Nc3 44. Kg2 Rb8 45. Nf5+ Kg6 46. Ne7+ Kh6 47. Nd5 Nxd5 48. Rxd5 Kg6 49. h3 Rb1 50. g4 hxg4 51. hxg4 Rb3 52. Rf5 Rb4 53. Rf4 Rb3 54. Rf3 Rb4 55. Rd3 f5 56. Kg3 Rb2 57. d5 fxg4 58. d6 Rb8 59. d7 Rd8 60. Kxg4 Kf6 61. Kf4 Ke6 62. Ke4 Kf6 63. Rd6+ Ke7 64. Ke5 1-0

[Event "Watson Farley Williams International"]
[Site "London"]
[Date "1989.05.30"]
[Round "11"]
[White "King, Daniel John"]
[Black "Davies, Nigel Rodney"]
[Result "1/2-1/2"]
[WhiteElo "2500"]
[BlackElo "2485"]
[PlyCount "32"]
[EventDate "1989.05.19"]
[EventType "tourn"]
[EventRounds "13"]
[EventCountry "ENG"]
[EventCategory "10"]
[SourceTitle "BritBase"]
[Source "John Saunders"]
[SourceDate "2025.08.03"]
[SourceVersion "1"]
[SourceVersionDate "2025.08.03"]
[SourceQuality "1"]

1. e4 e5 2. Nf3 Nc6 3. Bb5 a6 4. Ba4 d6 5. Bxc6+ bxc6 6. d4 exd4 7. Nxd4 c5 8. Ne2 Nf6 9. Nbc3 Bb7 10. Ng3 g6 11. h4 Qd7 12. Bg5 Bg7 13. Qd2 Ng4 14. Nf1 f5 15. f3 Ne5 16. exf5 gxf5 1/2-1/2

[Event "Watson Farley Williams International"]
[Site "London"]
[Date "1989.05.31"]
[Round "12"]
[White "Davies, Nigel Rodney"]
[Black "Arkell, Keith C"]
[Result "1/2-1/2"]
[WhiteElo "2485"]
[BlackElo "2445"]
[PlyCount "100"]
[EventDate "1989.05.19"]
[EventType "tourn"]
[EventRounds "13"]
[EventCountry "ENG"]
[EventCategory "10"]
[SourceTitle "BritBase"]
[Source "John Saunders"]
[SourceDate "2025.08.03"]
[SourceVersion "1"]
[SourceVersionDate "2025.08.03"]
[SourceQuality "1"]

1. d4 Nf6 2. c4 e6 3. g3 Bb4+ 4. Bd2 Qe7 5. Nf3 Nc6 6. Nc3 Bxc3 7. Bxc3 Ne4 8. Rc1 d6 9. d5 Nxc3 10. Rxc3 Nb8 11. dxe6 fxe6 12. Nd4 O-O 13. Bg2 c6 14. O-O a5 15. Qd2 Nd7 16. Rd1 Ne5 17. Nf3 Nf7 18. Ra3 Qc7 19. Ng5 d5 20. Rf3 Nxg5 21. Rxf8+ Kxf8 22. Qxg5 Qe7 23. Qd2 dxc4 24. Be4 e5 25. Qd8+ Qxd8 26. Rxd8+ Ke7 27. Rh8 Kf6 28. f3 a4 29. a3 g6 30. Kf2 Ke6 31. Ke3 Kd6 32. h4 b5 33. Kd2 Rb8 34. Rxh7 b4 35. axb4 Rxb4 36. Kc2 Bf5 37. Bxf5 gxf5 38. h5 Rb3 39. h6 e4 40. fxe4 Rxg3 41. exf5 Re3 42. Kd2 Rb3 43. Kc2 Re3 44. Rh8 Rxe2+ 45. Kc3 Re7 46. Kxc4 Ke5 47. h7 Kf4 48. Kb4 Ra7 49. Ka3 Rf7 50. Kxa4 Kxf5 1/2-1/2

[Event "Watson Farley Williams International"]
[Site "London"]
[Date "1989.05.31"]
[Round "12"]
[White "Lalic, Susan Kathryn"]
[Black "Wilder, Michael"]
[Result "1/2-1/2"]
[WhiteElo "2310"]
[BlackElo "2540"]
[PlyCount "57"]
[EventDate "1989.05.19"]
[EventType "tourn"]
[EventRounds "13"]
[EventCountry "ENG"]
[EventCategory "10"]
[SourceTitle "BritBase"]
[Source "John Saunders"]
[SourceDate "2025.08.03"]
[SourceVersion "1"]
[SourceVersionDate "2025.08.03"]
[SourceQuality "1"]

1. e4 c5 2. c3 d6 3. d4 Nf6 4. Bd3 Nc6 5. Ne2 g6 6. O-O Bg7 7. h3 O-O 8. d5 Ne5 9. Bc2 b5 10. f4 Nc4 11. a4 bxa4 12. Rxa4 Nb6 13. Ra2 e6 14. dxe6 Bxe6 15. b3 d5 16. f5 gxf5 17. exf5 Bd7 18. Bg5 Bb5 19. Na3 Ba6 20. Rf3 h6 21. Bh4 Re8 22. Nf4 Qd6 23. Bd3 Bxd3 24. Qxd3 Nbd7 25. Nc4 Qc6 26. Na5 Qd6 27. Nc4 Qc6 28. Na5 Qd6 29. Nc4 1/2-1/2

[Event "Watson Farley Williams International"]
[Site "London"]
[Date "1989.05.31"]
[Round "12"]
[White "Larsen, Bent"]
[Black "Hodgson, Julian M"]
[Result "1/2-1/2"]
[WhiteElo "2580"]
[BlackElo "2545"]
[PlyCount "122"]
[EventDate "1989.05.19"]
[EventType "tourn"]
[EventRounds "13"]
[EventCountry "ENG"]
[EventCategory "10"]
[SourceTitle "BritBase"]
[Source "John Saunders"]
[SourceDate "2025.08.03"]
[SourceVersion "1"]
[SourceVersionDate "2025.08.03"]
[SourceQuality "1"]

1. Nf3 d6 2. e4 Nf6 3. Nc3 Bg4 4. h3 Bh5 5. d4 e6 6. Be3 Be7 7. Be2 c6 8. d5 cxd5 9. exd5 e5 10. Nd2 Bg6 11. O-O Nbd7 12. a4 O-O 13. Nc4 Ne4 14. Nxe4 Bxe4 15. f3 Bg6 16. Qd2 Qc7 17. Ra3 Rfc8 18. Rc3 Nc5 19. Ra1 Qd7 20. a5 Na4 21. Rb3 Nc5 22. Rba3 h6 23. Kh1 Bf5 24. Bf1 Qd8 25. c3 h5 26. b4 Nd7 27. Qf2 a6 28. Nb6 Nxb6 29. axb6 Bd7 30. c4 f5 31. f4 Bf6 32. Rc1 Qe8 33. c5 Rab8 34. Ra2 e4 35. h4 Kh7 36. g3 Kh6 37. Kh2 Bd8 38. Rd1 Qf8 39. Ra5 Qe8 40. Qd2 Ba4 41. Ra1 Bd7 42. Be2 Bf6 43. Rc1 Rd8 44. Kg2 g6 45. Kf2 Rbc8 46. c6 bxc6 47. b7 Rb8 48. Bxa6 cxd5 49. Rxd5 Bc6 50. Rxd6 Bxb7 51. Bxb7 Rxb7 52. Rxd8 Bxd8 53. Qd6 Rd7 54. Qe5 Re7 55. Qb2 Rb7 56. Rc8 Bf6 57. Rxe8 Bxb2 58. Bc5 Bc3 59. Rc8 Kh7 60. Bd6 Bxb4 61. Be5 Kh6 1/2-1/2

[Event "Watson Farley Williams International"]
[Site "London"]
[Date "1989.05.31"]
[Round "12"]
[White "Motwani, Paul"]
[Black "King, Daniel John"]
[Result "0-1"]
[WhiteElo "2490"]
[BlackElo "2500"]
[PlyCount "124"]
[EventDate "1989.05.19"]
[EventType "tourn"]
[EventRounds "13"]
[EventCountry "ENG"]
[EventCategory "10"]
[SourceTitle "BritBase"]
[Source "John Saunders"]
[SourceDate "2025.08.03"]
[SourceVersion "1"]
[SourceVersionDate "2025.08.03"]
[SourceQuality "1"]

1. e4 c5 2. Nf3 d6 3. d4 cxd4 4. Nxd4 Nf6 5. Nc3 a6 6. Be3 e5 7. Nf3 Qc7 8. a4 Be7 9. a5 O-O 10. Be2 Nbd7 11. Nd2 b5 12. axb6 Nxb6 13. Bxb6 Qxb6 14. Nc4 Qc6 15. O-O Be6 16. Qd3 Rfc8 17. Ne3 a5 18. Ncd5 Bxd5 19. exd5 Qc5 20. Ra4 Bd8 21. Rd1 g6 22. Nc4 Rab8 23. c3 Kg7 24. Rd2 h5 25. Bd1 Nd7 26. Qg3 h4 27. Qh3 Nb6 28. Nxb6 Qxb6 29. Ra1 Rc4 30. Qd3 Rcc8 31. Ba4 Qc7 32. Bc6 Qe7 33. Re2 Bb6 34. Kh1 Qg5 35. Qd2 Qxd2 36. Rxd2 f5 37. Kg1 Kf6 38. Kf1 e4 39. Ke2 Rc7 40. Ra4 Ke5 41. b4 axb4 42. Rxb4 Ba7 43. Rxb8 Bxb8 44. Rb2 Ba7 45. Rb7 Rxb7 46. Bxb7 g5 47. Bc6 g4 48. Bd7 h3 49. g3 Kf6 50. Be6 Kg5 51. Bd7 f4 52. gxf4+ Kxf4 53. Be6 Bb6 54. c4 Bd4 55. Bd7 Be5 56. Kf1 Kf3 57. Kg1 Bd4 58. Kf1 Be5 59. Kg1 g3 60. hxg3 h2+ 61. Kxh2 Kxf2 62. Kh3 e3 0-1

[Event "Watson Farley Williams International"]
[Site "London"]
[Date "1989.06.01"]
[Round "13"]
[White "Hodgson, Julian M"]
[Black "Lalic, Susan Kathryn"]
[Result "1-0"]
[WhiteElo "2545"]
[BlackElo "2310"]
[PlyCount "63"]
[EventDate "1989.05.19"]
[EventType "tourn"]
[EventRounds "13"]
[EventCountry "ENG"]
[EventCategory "10"]
[SourceTitle "BritBase"]
[Source "John Saunders"]
[SourceDate "2025.08.03"]
[SourceVersion "1"]
[SourceVersionDate "2025.08.03"]
[SourceQuality "1"]

1. c4 c5 2. Nf3 e6 3. g3 Nf6 4. Bg2 d5 5. b3 Nc6 6. O-O Be7 7. e3 O-O 8. Qe2 b6 9. Bb2 Bb7 10. d3 a6 11. Nbd2 Ra7 12. a3 Ba8 13. Rac1 Qb8 14. Rc2 Rd8 15. Rfc1 Rad7 16. cxd5 exd5 17. d4 Na5 18. Bc3 cxd4 19. Bxd4 Bxa3 20. Bxf6 gxf6 21. Ra1 Bf8 22. Nd4 f5 23. Bh3 Qe5 24. Bxf5 Re7 25. Qxa6 Nb7 26. Qxb6 Rd6 27. Qb5 Rd8 28. Qb6 Rd6 29. Rc6 Rxc6 30. Qxc6 Rc7 31. Qb6 Bc5 32. Qh6 1-0

[Event "Watson Farley Williams International"]
[Site "London"]
[Date "1989.06.01"]
[Round "13"]
[White "Sadler, Matthew D"]
[Black "Adams, Michael"]
[Result "1-0"]
[WhiteElo "2430"]
[BlackElo "2495"]
[PlyCount "99"]
[EventDate "1989.05.19"]
[EventType "tourn"]
[EventRounds "13"]
[EventCountry "ENG"]
[EventCategory "10"]
[SourceTitle "BritBase"]
[Source "John Saunders"]
[SourceDate "2025.08.03"]
[SourceVersion "1"]
[SourceVersionDate "2025.08.03"]
[SourceQuality "1"]

1. d4 Nf6 2. c4 e6 3. Nc3 Bb4 4. e3 b6 5. Nge2 Ne4 6. Bd2 Nxd2 7. Qxd2 Bb7 8. a3 Bxc3 9. Nxc3 O-O 10. Bd3 Bxg2 11. Rg1 Bf3 12. e4 Kh8 13. Qe3 Bh5 14. Rg5 g6 15. Kd2 f6 16. Rg3 Nc6 17. Rag1 e5 18. d5 Nd4 19. Ne2 c5 20. Nxd4 exd4 21. Qh6 Rg8 22. Rh3 Qe7 23. f4 b5 24. d6 Qf7 25. b3 Rg7 26. f5 Rag8 27. Rg2 a5 28. Rf2 Bg4 29. Rh4 gxf5 30. h3 Rg5 31. exf5 Bh5 32. Re4 Re8 33. Rxe8+ Qxe8 34. Qxf6+ Rg7 35. Rg2 Qf7 36. Qd8+ Qg8 37. Qxg8+ Kxg8 38. Rxg7+ Kxg7 39. cxb5 Bf3 40. b6 Bb7 41. Bb5 Kf6 42. Bxd7 Ke5 43. Be8 Kxd6 44. f6 Ke6 45. f7 Ke7 46. a4 Kf8 47. Kd3 h6 48. Kc4 Be4 49. Kxc5 d3 50. Bb5 1-0

[Event "Watson Farley Williams International"]
[Site "London"]
[Date "1989.06.01"]
[Round "13"]
[White "Suba, Mihai"]
[Black "Wolff, Patrick G"]
[Result "0-1"]
[WhiteElo "2515"]
[BlackElo "2485"]
[PlyCount "78"]
[EventDate "1989.05.19"]
[EventType "tourn"]
[EventRounds "13"]
[EventCountry "ENG"]
[EventCategory "10"]
[SourceTitle "BritBase"]
[Source "John Saunders"]
[SourceDate "2025.08.03"]
[SourceVersion "1"]
[SourceVersionDate "2025.08.03"]
[SourceQuality "1"]

1. c4 e5 2. g3 Nf6 3. Bg2 c6 4. d4 exd4 5. Qxd4 d5 6. Nf3 Be7 7. cxd5 cxd5 8. O-O Nc6 9. Qa4 Qb6 10. Nc3 O-O 11. e3 Rd8 12. Qb5 Qc7 13. Bd2 Bg4 14. Rfc1 Qd7 15. Qf1 Ne4 16. Be1 Bf6 17. h3 Bf5 18. Rd1 Nxc3 19. Bxc3 Bxc3 20. bxc3 Be4 21. c4 Qe7 22. cxd5 Bxd5 23. Qb5 a6 24. Qb2 Rac8 25. a4 Na5 26. Rab1 Bb3 27. Rxd8+ Qxd8 28. Nd4 Bxa4 29. Nf5 Qf8 30. Qe5 Nc6 31. Bxc6 Bxc6 32. Ne7+ Kh8 33. Nxc8 Qxc8 34. Rd1 h6 35. Kh2 f6 36. Qf4 a5 37. g4 a4 38. Rd6 Kh7 39. Qd4 Qc7 {time} 0-1